000 00481nam a2200193Ia 4500
003 GCL
008 140319s9999 xx 000 0 aRus d
040 _aGCL /
_cGCL
082 0 4 _a863
_bF S
100 1 _aFERRERO, JESUS
245 1 0 _aEL SECRETO DE LOS DIOSES /
_cFERRERO, JESUS
260 _a[S.N] :
_bPLAZA & JANES ،
_c1993
300 _a314
650 0 4 _aLITERATURE
650 0 4 _aFICTION
650 0 4 _aSPANISH LITERATURE
650 0 4 _aSPANISH FICTION
942 _2ddc
_cBK
999 _c12771
_d12771